| 000 | 00458nam a2200157Ia 4500 | ||
|---|---|---|---|
| 008 | 210716s2008 xx 000 0 und d | ||
| 020 | _a9788174666419 | ||
| 041 | _aeng | ||
| 082 | _a332.175 SINS | ||
| 100 | _aSingh, S; Singh, Yogesh. | ||
| 245 |
_aRisk management in banks: concepts and applications. _bConcepts and applications. |
||
| 250 | _a1 | ||
| 260 |
_aNew Delhi _bExcel Books _c2008 |
||
| 300 | _ax,226 | ||
| 650 | _aRisk Management & Derivatives | ||
| 999 |
_c206224 _d206224 |
||